000 01086cam a2200253 4500500
005 20251228065553.0
041 _afre
042 _adc
100 1 0 _aBenchelah, Selma
_eauthor
245 0 0 _aPour une psychiatrie buissonnante
260 _c2020.
500 _a58
520 _aÀ partir de mon expérience de psychologue en psychiatrie, cet article tente de montrer l’incidence des politiques néolibérales sur la conception des maladies psychiques, et l’organisation des soins. De l’acculturation à la déculturation, il pointe l’idéologie à l’œuvre derrière le masque scientiste porté par le « gouvernement des experts ».
690 _aacculturation
690 _adéculturation
690 _aidéologie
690 _anéolibéralisme
690 _apolitique
690 _aPsychiatrie
690 _ascience
690 _asoin
786 0 _nVST - Vie sociale et traitements | 145 | 1 | 2020-02-11 | p. 47-54 | 0396-8669
856 4 1 _uhttps://shs.cairn.info/revue-vie-sociale-et-traitements-2020-1-page-47?lang=fr&redirect-ssocas=7080
999 _c1591791
_d1591791